Central Library OPAC University of Rajshahi

Mirror of man : (Record no. 57487)

MARC details
000 -LEADER
fixed length control field 00592nam a2200205 a 4500
001 - CONTROL NUMBER
control field 57487
003 - CONTROL NUMBER IDENTIFIER
rucl marc code BD-RjUL
005 - DATE AND TIME OF LATEST TRANSACTION
control field 20211209080523.0
008 - FIXED-LENGTH DATA ELEMENTS--GENERAL INFORMATION
fixed length control field 161210s1970 mau | 000 0 eng d
035 ## - SYSTEM CONTROL NUMBER
System control number (BD-RjUL)57611
040 ## - CATALOGING SOURCE
Original cataloging agency DLC
Transcribing agency DLC
Modifying agency DLC
-- BD-RjUL
Language of cataloging eng
041 ## - LANGUAGE CODE
Language code of text/sound track or separate title eng
082 00 - DEWEY DECIMAL CLASSIFICATION NUMBER
Classification number 301.08
Author mark and year MIR 1970
Edition number 23
245 10 - TITLE STATEMENT
Title Mirror of man :
Remainder of title readings in sociology and literature /
Statement of responsibility, etc. edited by Jane Dabaghian.
260 ## - PUBLICATION, DISTRIBUTION, ETC. (IMPRINT)
Place of publication, distribution, etc. Boston :
Name of publisher, distributor, etc. Little, Brown,
Date of publication, distribution, etc. c1970.
300 ## - PHYSICAL DESCRIPTION
Pagination xxi, 567 p. ;
Size 24 cm.
650 ## - SUBJECT ADDED ENTRY--TOPICAL TERM
Topical term or geographic name as entry element Sociology.
9 (RLIN) 170250
700 ## - ADDED ENTRY--PERSONAL NAME
Personal name Dabaghian, Jane
942 ## - ADDED ENTRY ELEMENTS (KOHA)
Source of classification or shelving scheme Dewey Decimal Classification
Koha item type Books
Holdings
Lost status Source of classification or shelving scheme Damaged status Not for loan Collection code Permanent Location Current Location Shelving location Date acquired Cost, normal purchase price Total Checkouts Full call number Date last seen Copy number Koha item type
  Dewey Decimal Classification   Not For Loan Non-fiction Central Library, University of Rajshahi Central Library, University of Rajshahi Reading Room 29/01/1991 0.00   301.08 MIR 1970 10/12/2016 C-1 Books